Silhouettes de films des années 1980 - Statistiques

Statistiques générales
  • Ce quiz a été pris 37 310 fois
  • Le résultat moyen est 8 sur 12
Réponses sur la Carte
Les réponses sont colorées sur une échelle allant du rouge au vert en fonction du pourcentage des utilisateurs qui les ont devinées à leur premier essai. Vous pouvez retrouver ces pourcentages ci-dessous.
 
Statistiques - réponses
Réponse % Correct
Batman
99%
E.T.
95%
Les Aventuriers de l'arche perdue
90%
Le Retour du Jedi
83%
Terminator
74%
Retour vers le futur
73%
Top Gun
73%
Dirty Dancing
63%
Robocop
46%
S.O.S fantômes
43%
Karaté Kid
30%
La Soupe aux Choux
24%
Aucun quiz correspondant
Distribution des résultats
% des personnes avec chaque résultat
Percentile par nombre de réponses
Votre historique - résultats
Vous n’avez pas pris ce quiz